000 00963nam a2200265Ia 4500
003 OSt
005 20220923211554.0
006 a|||||r|||| 00| 0
007 ta
008 220922b |||||||| |||| 00| 0 hin d
020 _a9789385538278 (hbk)
_c595
024 _a348,237
037 _b235, 14/01/2019, Eastern Book Linkers
_cTextual
040 _aARTS
_cARTS
_bhin
041 _2hin
_ahin
082 _aR694:g, 152Q7
100 _aअशोक कुमार, ले.
245 0 _aबौद्ध दर्शन में विज्ञानवाद
246 _aBauddha darshan mean vijnyānavāda
260 _aदिल्ली
_b ज्ञानभारती पब्लिकेशन्स
_c2017
300 _a171पृ.
_ccm.
650 _aबौद्ध धर्म
942 _hR694:g, 152Q7
_cTEXL
_2CC
999 _c300874
_d300874